000 00962cam a22002894a 4500
001 13045241
003 OSt
005 20151125144228.0
008 030102s2003 caua 001 0 eng
010 _a 2003040902
020 _a0805389148
040 _aDLC
_cDLC
_dDLC
042 _apcc
050 0 0 _aQD33.2
_b.T56 2004
082 0 0 _a540
_221
100 1 _aTimberlake, Karen C.
245 1 0 _aGeneral, organic, and biological chemistry :
_bstructures of life /
_cKaren C. Timberlake.
246 3 0 _aChemistry
250 _aPlatinum ed.
260 _aSan Francisco, CA :
_bBenjamin Cummings,
_cc2004.
300 _a1 v. (various pagings) :
_bcol. ill. ;
_c29 cm. +
_e1 CD-ROM (4 3/4 in.)
500 _aIncludes index.
650 0 _aChemistry.
906 _a7
_bcbc
_corignew
_d1
_eocip
_f20
_gy-gencatlg
942 _2lcc
_cBK
999 _c251600
_d251600